Statistics for Start with P, end with P

Click here to take the quiz!

General Stats

  • This quiz has been taken 19 times
  • The average score is 10 of 15

Answer Stats

QuestionAnswer% Correct
When you stick a pin in a balloon, it does thisPop
100%
A baby seal or dogPup
100%
A quick look, when you're hiding?Peep
94%
You need one of these, if you get a flat tyrePump
89%
Vegetable like a white carrotParsnip
78%
Object, costume, set etc, to make a production more authentic?Prop
72%
Performs a similar function to a staple, but less permanentPaperclip
67%
Where you 'hock' itemsPawnshop
67%
Back in the day, in a phone box, when these 'went', it meant your money was running outPip
67%
Another term for a road traffic collisionPileup
56%
A cut of meat, from a pig, that can be grilled or friedPorkchop
56%
Informal name for a newsagentsPapershop
44%
You find this in the mouth, below the gumlinePulp
44%
Marriage, for examplePartnership
39%
A transsexual, who, has yet to have gender-realignment surgeryPre-op
39%

Score Distribution

Percentile by Number Answered

Percent of People with Each Score

Your Score History

You have not taken this quiz